Spokojnosť zákazníkov a ich lojalita ako faktor konkurenčnej výhody diplomová práca

Enregistré dans:
Détails bibliographiques
Auteur principal: Terkaničová, Lenka
Collectivité auteur: Obchodná fakulta EU. Katedra marketingu
Autres auteurs: Lesáková, Dagmar, 1949-
Format: Livre
Langue:slovaque
Publié: Bratislava 2011
Tags: Ajouter un tag
Pas de tags, Soyez le premier à ajouter un tag!

MARC

LEADER 00000nbm a2200000 4500
001 0131888
005 20161109101739.7
041 0 |a slo 
044 |a SK 
245 1 0 |a Spokojnosť zákazníkov a ich lojalita ako faktor konkurenčnej výhody  |b diplomová práca  |c Lenka Terkaničová ; školiteľ: Dagmar Lesáková 
264 1 |a Bratislava  |c 2011 
300 |a 84 s. 
100 1 |a Terkaničová, Lenka 
700 1 |a Lesáková, Dagmar, 1949- 
710 2 |a Obchodná fakulta EU. Katedra marketingu